Revised Building Regulations booklet (Record no. 71979)
[ view plain ]
| 000 -LEADER | |
|---|---|
| fixed length control field | 01091cam a2200181 4500 |
| 001 - CONTROL NUMBER | |
| control field | WB3904-03 |
| 008 - FIXED-LENGTH DATA ELEMENTS--GENERAL INFORMATION | |
| fixed length control field | 030128n2003 000 0 eng u |
| 035 ## - SYSTEM CONTROL NUMBER | |
| System control number | (Sirsi) u121135 |
| 245 ## - TITLE STATEMENT | |
| Title | Revised Building Regulations booklet |
| 260 ## - PUBLICATION, DISTRIBUTION, ETC. | |
| Date of publication, distribution, etc. | 2003 |
| 490 ## - SERIES STATEMENT | |
| Series statement | RICS Building Surveying Faculty News |
| Volume/sequential designation | 23 January 2003, (1) |
| 520 ## - SUMMARY, ETC. | |
| Summary, etc. | The revised "Building regulation explanatory booklet" has been published by the ODPM. It updates the 1998 version, providing a fuller explanation of the regulations and the two types of building control service available. The booklet can be found at http://www.safety.odpm.gov.uk/bregs/brpub/br-booklet/whole.htm Free print copies from ODPM Free Literature, PO Box 236, Wetherby, West yorkshire, LS 23 7NB t +44(0)870 1226 236; f +44(0)870 1226 237 http://www.rics.org/ricscms/bin/show?class=News&template=/includes/shownews.html&id=4680&faculty=Building%20Surveying&faculty=All%20Faculties |
| 590 ## - LOCAL NOTE (RLIN) | |
| Local note | WB |
| 650 ## - SUBJECT ADDED ENTRY--TOPICAL TERM | |
| Topical term or geographic name entry element | BUILDING REGULATIONS |
| 9 (RLIN) | 6224 |
| 650 ## - SUBJECT ADDED ENTRY--TOPICAL TERM | |
| Topical term or geographic name entry element | BUILDING CONTROL |
| 9 (RLIN) | 6222 |
| 690 ## - LOCAL SUBJECT ADDED ENTRY--TOPICAL TERM (OCLC, RLIN) | |
| Topical term or geographic name as entry element | BUILT ENVIRONMENT-BUILDING STANDARDS |
| 942 ## - ADDED ENTRY ELEMENTS (KOHA) | |
| Suppress in OPAC | 0 |
| Withdrawn status | Lost status | Source of classification or shelving scheme | Damaged status | Not for loan | Home library | Current library | Shelving location | Date acquired | Total Checkouts | Full call number | Barcode | Date last seen | Copy number | Price effective from | Koha item type |
|---|---|---|---|---|---|---|---|---|---|---|---|---|---|---|---|
| Dewey Decimal Classification | London | London | News article | 28/01/2003 | WB3904-03 | 121135-1001 | 06/08/2019 | 1 | 06/08/2019 | News article |